Mindware : tools for smart thinking

Bibliographic Details
Main Author: Nisbett, Richard E.
Format: Book
Published: New York : Farrar, Straus and Giroux , 2015
Subjects:

MARC

LEADER 00000cam a2200000 7i4500
001 0000206607
005 20161130.0
020 |a 9780374957155 
090 0 0 |a 153.4   |b NIS 
100 1 |a Nisbett, Richard E. 
245 1 0 |a Mindware :   |b tools for smart thinking   |c written by Richard E.Nisbett 
260 |a New York :   |b Farrar, Straus and Giroux ,   |c 2015 
300 |a 320p. ;   |c 23cm. 
650 0 0 |a Reasoning 
650 0 0 |a Thought and thinking 
999 |a 00335871   |b BUKU   |c PINJAMAN   |e PERPUSTAKAAN KOMUNITI PETALING JAYA